Responses for Show #4753 - Wednesday, April 13, 2005

2005 Ultimate Tournament of Champions Round 2, game 1.

(Sergeant: Fall in! Report!--to watch clues from Parris Island on Jeopardy!)

Contestants

[<< previous game]

Dan Melia, a college professor from Berkeley, California

Rick Knutsen, a musician and stay-at-home dad from Brooklyn, New York

Kyle Hale, a college senior from Katy, Texas

[next game >>]

Jeopardy! Round responses

STATES OF THE UNION
TONIGHT SHOW HOSTS
QUOTES
(Alex: You have to tell me where you would get...)
A DAY'S CALORIES IN ONE MEAL
FAMOUS PAIRS
BODY LANGUAGE
    $200 21
Florida

Dan
    $200 6
Johnny Carson

Dan
    $200 7
(Mark) Twain

Rick
    $200 25
Burger King

Dan
    $200 1
Funk & Wagnalls

Dan
    $200 16
the thumbs

Dan
    $400 22
New Jersey

Dan
    $400 8
Conan O'Brien

Dan
    $400 12
(Margaret) Thatcher

Rick
    $400 26
Taco Bell

Dan
    $400 2
Martini & Rossi

Dan
    $400 17
his arms

Dan
    $600 23
West Virginia

Rick
    $600 9
Jack Paar

Dan
    $600 13
Camilla Parker Bowles

Dan
    $600 27
Arby's

Kyle
    $600 3
Leander

Dan
    $600 18
his shoulders

Rick
    $800 24
Oklahoma

Dan
    $800 10
Steve Allen

Rick
    $800 14
(Rick: Who is Robert Benchley?)
(Kyle: Who is Mencken?)

Will Rogers

KyleRickDan
    $800 28
KFC

Kyle
    $800 4
Sanborn

Dan
    $800 19
his stomach

Dan
    $3,000 30
Delaware

Dan
    $1000 11
Joey Bishop

Triple Stumper
    $1000 15
(Ambrose) Bierce

Kyle
    $1000 29
Wendy's

Dan
    $1000 5
Gromit

Rick
    $1000 20
a shin

Dan

Scores at the first commercial break (after clue 15):

Kyle Rick Dan
$200 $1,600 $4,600

Scores at the end of the Jeopardy! Round:

Kyle Rick Dan
$1,600 $2,800 $13,000

Double Jeopardy! Round responses

U.S. PRESIDENTS
SHOCKING ART
PUSH THE "BUTTON"
(Alex: Give us the country of birth for the...)
WORLD OF NOBEL PRIZE-WINNING AUTHORS
HERE'S LOOKING AT YOU, KID
WE'LL ALWAYS HAVE PARRIS ISLAND
    $400 1
(Woodrow) Wilson

Rick
    $400 6
Botticelli

Dan
    $400 10
the panic button

Dan
    $400 16
France

Rick
    $400 21
Shirley Temple

Rick
    $400 26
the drill instructor

Rick
    $800 2
FDR

Triple Stumper
    $3,600 7
Diego Rivera

Dan
    $800 12
Dick Button

Dan
    $800 17
Ireland

Kyle
    $800 22
Anna Paquin

Kyle
    $800 27
semper fidelis

Rick
    $1200 3
(Herbert) Hoover

Rick
    $1200 8
(Edvard) Munch

Kyle
    $1200 13
"Buttons And Bows"

Dan
    $1200 18
[Rick Knutsen gives a small smile at being able to supply the correct response to this clue.]

Norway

Rick
    $1200 23
Dakota Fanning

Kyle
    $1200 28
a platoon

Dan
    $4,400 4
Nashville

Rick
    $1600 9
Édouard Manet

Triple Stumper
    $1600 14
a bachelor's button

Dan
    $1600 19
South Africa

Rick
    $1600 24
Lukas Haas

Triple Stumper
    $1600 29
portholes

Dan
    $2000 5
(Rick: Who is Hayes?)
(Kyle: Who is Cleveland?)

Benjamin Harrison

KyleRickDan
    $2000 11
the Armory Show

Dan
    $2000 15
[Applause for Dan's run of the category]

Button Gwinnett

Dan
    $2000 20
Iceland

Dan
    $2000 25
(Rick: Who was Billy Mumy?)

Dean Stockwell

Rick
Triple Stumper
    $2000 30
(Alex: Cheryl, who's about to enlist.)

a pugil stick

Dan

Scores at the end of the Double Jeopardy! Round:

Kyle Rick Dan
$3,600 $9,600 $33,800
(lock game)

[wagering suggestions for these scores]

Final Jeopardy! Round responses

16th CENTURY NAMES
KyleWho was Drake?
$1
RickWho was Drake?
$0
DanWho was Francis Drake ? Drake
$3,800
Sir Francis Drake

Final scores:

Kyle Rick Dan
$3,601 $9,600 $37,600
3rd place: $10,000 2nd place: $10,000 Winner: $37,600 + an advance to UToC Round 3

Game dynamics:

Coryat scores:

Kyle Rick Dan
$3,600 $6,800 $29,000
7 R,
2 W
15 R
(including 1 DD),
3 W
33 R
(including 2 DDs),
0 W

Combined Coryat: $39,400

[game clues] [game scores] [suggest correction]

Game tape date: 2005-03-22
The J! Archive is created by fans, for fans. Scraping, republication, monetization, and malicious use prohibited; this site may use cookies and collect identifying information. See terms. The Jeopardy! game show and all elements thereof, including but not limited to copyright and trademark thereto, are the property of Jeopardy Productions, Inc. and are protected under law. This website is not affiliated with, sponsored by, or operated by Jeopardy Productions, Inc. Join the discussion at JBoard.tv.